The Companies Act, 2017: (Record no. 613969)

000 -LEADER
fixed length control field 00431nam a22001217a 4500
082 ## - DEWEY DECIMAL CLASSIFICATION NUMBER
Classification number 346
Author Mark IRF
100 ## - MAIN ENTRY--PERSONAL NAME
Personal name Ch. Muhammad Irfan Ul Haq
245 ## - TITLE STATEMENT
Title The Companies Act, 2017:
Remainder of title with securities and Exchange Commission of Pakistan Act, 1997 Competition Act, 2010 (amended up to date) /
Statement of responsibility, etc. Muhammad Irfan Ul Haq Ch.
260 ## - PUBLICATION, DISTRIBUTION, ETC.
Place of publication, distribution, etc. Lahore:
Name of publisher, distributor, etc. Al-Haq Law Book Centre,
Date of publication, distribution, etc. 2024.
300 ## - PHYSICAL DESCRIPTION
Extent 456 p.
563 ## - BINDING INFORMATION
Binding note HB.
942 ## - ADDED ENTRY ELEMENTS (KOHA)
Source of classification or shelving scheme
Koha item type Book
Holdings
Withdrawn status Lost status Source of classification or shelving scheme Damaged status Not for loan Permanent Location Current Location Date acquired Total Checkouts Full call number Barcode Date last seen Price effective from Koha item type
          NUST Law School (NLS) NUST Law School (NLS) 06/28/2025   346 IRF NLS-2543 06/28/2025 06/28/2025 Book
          NUST Law School (NLS) NUST Law School (NLS) 06/28/2025   346 IRF NLS-2544 06/28/2025 06/28/2025 Book
          NUST Law School (NLS) NUST Law School (NLS) 06/28/2025   346 IRF NLS-2545 06/28/2025 06/28/2025 Book
© 2023 Central Library, National University of Sciences and Technology. All Rights Reserved.